Anagrammi dei Calciatori - Quiz n°13 - Statistics

Statistiche generali
  • Questo quiz è stato fatto 4 volte
  • Il punteggio medio è 7 su 11
Statistiche sulle risposte
Anagramma Calciatore % Corretto
dceo Deco
100%
nnnliaaggo Nainggolan
100%
alvsi Silva
100%
aviab Biava
67%
rceora Correa
67%
eretdeelaek De Ketelaere
67%
bolemo Embolo
67%
iruamge Maguire
67%
emdyn Mendy
67%
rcsnicedfoa Di Francesco
33%
acprai Rapaić
0%
Nessun quiz corrispondente trovato
Distribuzione punteggi
Percentuale di utenti per punteggio
Percentile per numero di risposta
I tuoi punteggi nel tempo
Non hai fatto questo quiz